Bennett, John C. (Record no. 20942)
[ view plain ]
| 000 -LEADER | |
|---|---|
| fixed length control field | 00319nam a22001337a 4500 |
| 082 ## - DEWEY DECIMAL CLASSIFICATION NUMBER | |
| Classification number | 239.8 BEN |
| 100 ## - MAIN ENTRY--AUTHOR NAME | |
| Author name | Christianity and Communism Today |
| 245 ## - TITLE STATEMENT | |
| Title | Bennett, John C. |
| 260 ## - PUBLICATION, DISTRIBUTION, ETC. (IMPRINT) | |
| Place of publication | New York |
| Name of publisher | Association Press |
| Year of publication | 1948 |
| 300 ## - PHYSICAL DESCRIPTION | |
| Number of Pages | 188 |
| 650 ## - SUBJECT ADDED ENTRY--TOPICAL TERM | |
| Topical Term | Christianity and Communism |
| 942 ## - ADDED ENTRY ELEMENTS (KOHA) | |
| Koha item type | Books |
| Home library | Current library | Shelving location | Date acquired | Cost, normal purchase price | Full call number | Accession Number | Koha item type |
|---|---|---|---|---|---|---|---|
| Henry Martyn Institute Library | Henry Martyn Institute Library | General stacks | 04/27/2018 | 100.00 | 239.8 BEN | 2858 | E-Books |
